BA Ružinov - riešenie urbanisticko-architektonickej štruktúry v priestore ukončenia Ružinovskej radiály východnej časti
Uložené v:
| Hlavný autor: | |
|---|---|
| Ďalší autori: | |
| Médium: | Rukopis Kniha |
| Jazyk: | Slovak |
| Vydavateľské údaje: |
Bratislava
2015
|
| Predmet: | |
| On-line prístup: | http://is.stuba.sk/zp/portal_zp.pl?podrobnosti=112454 |
| Tagy: |
Žiadne tagy, Buďte prvý, kto otaguje tento záznam!
|
MARC
| LEADER | 00000ntm a22000003a 4500 | ||
|---|---|---|---|
| 001 | stuzp51845 | ||
| 003 | SK-STU | ||
| 005 | 20210309080045.3 | ||
| 007 | ta | ||
| 008 | 150427s2015----xo-----f-mn---000-0-slo-d | ||
| 040 | |a STU |b slo | ||
| 041 | 0 | |a slo | |
| 100 | 1 | |a Smatana, Andrej, |d 1990- |u 056160 |4 aut |U FAD Fakulta architektúry a dizajnu |U FAD Fakulta architektúry |T FA Ústav urbanizmu a územného plánovania |X 68418 |U A6160 |Y 397 |7 A000068418 | |
| 242 | 0 | 1 | |a BA Ružinov - riešenie urbanisticko-architektonickej štruktúry v priestore ukončenia Ružinovskej radiály východnej časti |y eng |
| 245 | 1 | 0 | |a BA Ružinov - riešenie urbanisticko-architektonickej štruktúry v priestore ukončenia Ružinovskej radiály východnej časti |
| 260 | |c 2015 |a Bratislava | ||
| 650 | 4 | |a Obytná zóna |2 slo | |
| 650 | 4 | |a vodná plocha |2 slo | |
| 650 | 4 | |a vnútroblok |2 slo | |
| 650 | 4 | |a living area |2 eng | |
| 650 | 4 | |a water surface |2 eng | |
| 650 | 4 | |a the courtyard |2 eng | |
| 700 | 1 | |a Kaliská, Dagmar, |d 1946- |4 ths |X 421 |7 A000000421 | |
| 856 | 4 | |u http://is.stuba.sk/zp/portal_zp.pl?podrobnosti=112454 |u https://opac.crzp.sk/?fn=detailBiblioForm&sid=E75B5E22D326BA6A99A191CFFF20 | |
| SQL | |a stuzp51845 |b DDP |c SLO |d BA Ružinov - riešenie urbanisticko-architektonickej štruktúry v priestore ukončenia Ružinovskej radiály východnej časti |e 68418 |f Smatana, Andrej |g 056160 |h 421 |i Kaliská, Dagmar |j 20150604 |k 159 |l 05 |m http://is.stuba.sk/zp/portal_zp.pl?podrobnosti=112454 |n I-URB |o 5.1.1. architektúra a urbanizmus | ||